Online
Catalog

Pido que vuelva mi angel / (Record no. 5928)

MARC details
000 -CABECERA
campo de control de longitud fija 00645cam a2200205 a 4500
001 - NÚMERO DE CONTROL
campo de control 000006132
005 - FECHA Y HORA DE LA ÚLTIMA TRANSACCIÓN
campo de control 20200929151937.0
008 - DATOS DE LONGITUD FIJA--INFORMACIÓN GENERAL
campo de control de longitud fija 830509s1982 sp 001 p spa
010 ## - NÚMERO DE CONTROL DE LA BIBLIOTECA DEL CONGRESO
Número de control de LC 83146740
040 ## - FUENTE DE LA CATALOGACIÓN
Centro catalogador/agencia de origen DO-SdBNP
Centro/agencia transcriptor DLC
Centro/agencia modificador DLC
082 ## - NÚMERO DE LA CLASIFICACIÓN DECIMAL DEWEY
Número de clasificación Ch
Número de documento/Ítem D671p
100 1# - ENTRADA PRINCIPAL--NOMBRE DE PERSONA
Nombre de persona Dominguez, Delia
Fechas asociadas al nombre 1931-
9 (RLIN) 17258
245 10 - MENCIÓN DE TÍTULO
Título Pido que vuelva mi angel /
Mención de responsabilidad, etc. Delia Dominguez. edición Sergio Fontana.
260 ## - PUBLICACIÓN, DISTRIBUCIÓN, ETC.
Lugar de publicación, distribución, etc. Santiago de Chile :
Nombre del editor, distribuidor, etc. Universitaria,
Fecha de publicación, distribución, etc. 1982.
300 ## - DESCRIPCIÓN FÍSICA
Extensión 47 p. ;
Dimensiones 19 cm.
490 1# - MENCIÓN DE SERIE
Mención de serie Generación espontánea
650 #4 - PUNTO DE ACCESO ADICIONAL DE MATERIA--TÉRMINO DE MATERIA
Término de materia o nombre geográfico como elemento de entrada Poesía chilena
9 (RLIN) 9166
650 #4 - PUNTO DE ACCESO ADICIONAL DE MATERIA--TÉRMINO DE MATERIA
Término de materia o nombre geográfico como elemento de entrada Literatura chilena
Subdivisión cronológica SIGLO XX
9 (RLIN) 14677
830 #1 - PUNTO DE ACCESO ADICIONAL DE SERIE-TÍTULO UNIFORME
Título uniforme Generación espontánea.
9 (RLIN) 14161
Holdings
Estado de retiro Estado de pérdida Restricciones de uso No para préstamo Código de colección Localización permanente Ubicación/localización actual Ubicación en estantería Fecha de adquisición Número de inventario Total de préstamos Signatura topográfica completa Código de barras Fecha visto por última vez Precio válido a partir de Tipo de ítem Koha
    Préstamo interno   Monografías: Libros y Folletos General General En catalogación 26.08.2009 LF1   Ch D671p 6132-10 25.06.2020 25.06.2020 Préstamo interno

Powered by Koha